| 000 | 00810cam a22002533a 4500 | ||
|---|---|---|---|
| 001 | 34115 | ||
| 003 | PGUSA | ||
| 005 | 20140828083733.0 | ||
| 008 | 101022s2010||||xxu|||||s|||||000 | eng d | ||
| 040 |
_aPGUSA _beng |
||
| 042 | _adc | ||
| 050 | 4 | _aNC | |
| 050 | 4 | _aU | |
| 100 | 1 |
_aRaven-Hill, L. _q(Leonard), _d1867-1942 |
|
| 245 | 1 | 0 |
_aOur Battalion : _bBeing Some Slight Impressions of His Majesty's Auxiliary Forces, in Camp and Elsewhere _h[electronic resource] / _cL. Raven-Hill |
| 260 |
_bProject Gutenberg, _c2010 |
||
| 506 | _aPublic domain in the USA. | ||
| 516 | _aElectronic text | ||
| 653 | _aArmies -- Caricatures and cartoons | ||
| 653 | _aCaricatures and cartoons -- Great Britain | ||
| 830 | 0 |
_aProject Gutenberg _v34115 |
|
| 856 | 4 | 0 | _uhttp://www.gutenberg.org/ebooks/34115 |
| 942 | _cEB | ||
| 999 |
_c263370 _d263370 |
||